000 00548nam a22001817a 4500
003 CEME
005 20210628203428.0
008 210118b xxu||||| |||| 00| 0 eng d
020 _a1905209293
040 _cceme
082 _a621.811 KRY
100 _aKrysinski, Tomasz, Malburet, Francois
_965394
245 _aMechanical vibrations, active and passive control
260 _aINDIA
_bVIVA BOOK
_c2007
300 _aXIV, 364P
650 _aROTORS VIBRATION.DANPUR MECHANICES. STRUCTURAL CONTROL.MECHANICAL VIBRATIONS
_965395
942 _cBK
_2ddc
999 _c573619
_d573619